000 00480nam a2200169 a 4500
005 20140310183542.0
008 110820s19uu xx 00 eng d
020 _a9780199569922
050 _aN 33
_b.C575 2010
100 _aClarke, Michael
245 _aOxford concise dictionary of art terms /
_cMichael Clarke.
260 _aNew York :
_bOxford University Press,
_c2010.
300 _a267 p. :
_c23 cm.
650 _aArt
_xDictionaries
942 _cBK
_2lcc
999 _c24816
_d24816